Plant Systematics: (Record no. 9294)
[ view plain ]
| 000 -LEADER | |
|---|---|
| fixed length control field | 00454nam a22001577a 4500 |
| 008 - FIXED-LENGTH DATA ELEMENTS--GENERAL INFORMATION | |
| fixed length control field | 230216b |||||||| |||| 00| 0 eng d |
| 020 ## - INTERNATIONAL STANDARD BOOK NUMBER | |
| International Standard Book Number | 978-93-89688-08-5 |
| 082 ## - DEWEY DECIMAL CLASSIFICATION NUMBER | |
| Edition number | 4th ed |
| Classification number | 581.01 SIN |
| 100 ## - MAIN ENTRY--PERSONAL NAME | |
| Personal name | Gurcharan Singh |
| 245 ## - TITLE STATEMENT | |
| Title | Plant Systematics: |
| Remainder of title | Theory and Practice |
| Statement of responsibility, etc. | Gurcharan Singh |
| 250 ## - EDITION STATEMENT | |
| Edition statement | 4th ed |
| 260 ## - PUBLICATION, DISTRIBUTION, ETC. | |
| Place of publication, distribution, etc. | New Delhi: |
| Name of publisher, distributor, etc. | CBS Publishers & Distributors Pvt Ltd |
| Date of publication, distribution, etc. | 2022 |
| 300 ## - PHYSICAL DESCRIPTION | |
| Extent | 618 p. |
| Dimensions | 24.3 cm |
| 942 ## - Added entry Elements (Koha) | |
| Source of classification or shelving scheme | Dewey Decimal Classification |
| Withdrawn status | Lost status | Source of classification or shelving scheme | Damaged status | Not for loan | Collection code | Home library | Current library | Shelving location | Date acquired | Serial Enumeration / chronology | Total Checkouts | Total Renewals | Full call number | Barcode | Date last seen | Date last checked out | Price effective from | Koha item type | Checked out |
|---|---|---|---|---|---|---|---|---|---|---|---|---|---|---|---|---|---|---|---|
| Dewey Decimal Classification | Main TEST | RTC Library | RTC Library | Main opac | 16/02/2023 | 176958 | 2 | 1 | 581.01 SIN c.1 | 30018258 | 02/04/2026 | 19/03/2026 | 16/02/2023 | Main | |||||
| Dewey Decimal Classification | Main TEST | RTC Library | RTC Library | Main opac | 16/02/2023 | 176959 | 2 | 3 | 581.01 SIN c.2 | 30018282 | 04/03/2026 | 04/03/2026 | 16/02/2023 | Main | 27/05/2026 | ||||
| Dewey Decimal Classification | Main TEST | RTC Library | RTC Library | Main opac | 24/02/2024 | 18465 | 3 | 2 | 581.01 c.3 | 30018931 | 02/04/2026 | 19/03/2026 | 24/02/2024 | Main | |||||
| Dewey Decimal Classification | Main TEST | RTC Library | RTC Library | Main opac | 24/02/2024 | 18466 | 2 | 581.01 c.4 | 30019131 | 11/04/2026 | 27/03/2026 | 24/02/2024 | Main |